Hitler's generals and their battles /

Bibliographic Details
Other Authors: Chant, Christopher
Format: Book
Language:English
Published: New York : Chartwell Books, 1976.
Series:A Salamander book
Subjects:

MARC

Tag First Indicator Second Indicator Subfields
LEADER 00000cam a2200000 i 4500
001 in00000561921
005 20151014070228.0
008 790323s1976 nyuabce 00100 eng d
010 |a  75018989  
020 |a 0890090491 
035 |a (OCoLC)04770594 
035 |9 ACN9043AM 
040 |a UUO  |c UUO  |d m.c.  |d TXA  |d UtOrBLW 
049 |a TXAM  |c [A09053455] 
090 |a D757  |b .H55 1976 
245 0 0 |a Hitler's generals and their battles /  |c [by Christopher Chant and others]. 
264 1 |a New York :  |b  Chartwell Books,  |c 1976. 
300 |a 243 pages :  |b illustrations (some color) ;  |c 30 cm. 
336 |a text  |b txt  |2 rdacontent 
337 |a unmediated  |b n  |2 rdamedia 
338 |a volume  |b nc  |2 rdacarrier 
490 0 |a A Salamander book 
500 |a Includes index. 
650 0 |a World War, 1939-1945  |z Germany. 
650 0 |a World War, 1939-1945  |v Biography. 
650 0 |a Marshals  |z Germany  |v Biography. 
650 0 |a Generals  |z Germany  |v Biography. 
651 0 |a Germany  |x History  |y 1933-1945  |x Biography. 
700 1 |a Chant, Christopher. 
999 |a MARS 
999 f f |s 0ccbc41b-dcea-3aaa-8751-6d11187ef93b  |i 00913fcd-45c4-3409-b6b8-a25c8bf0f47e  |t 0 
952 f f |p ric  |a Texas A&M University  |b Rellis Campus  |c Joint Library Facility  |d Remote Storage  |t 0  |e D757 .H55 1976  |h Library of Congress classification  |i unmediated -- volume  |m A14809053455 
998 f f |a D757 .H55 1976  |t 0  |l Remote Storage